IPod Nano Colors Quiz Stats

Quiz Updated Oct 12, 2016

Also try: M&M Colors
Challenge
Share
Tweet
Embed
Score 0/7 Timer 01:00
0 Plays Today
% Correct
Blue
98.5%
Green
97.4%
Graphite
96.1%
(Product) Red Special Edition
94.7%
Orange
86.7%
Pink
86.5%
Silver
86.1%

You're not logged in!

Compare scores with friends on all Sporcle quizzes.
Join for Free
OR
Log In

You Might Also Like...

Show Comments

Extras

Top Quizzes Today


Score Distribution

Your Account Isn't Verified!

In order to create a playlist on Sporcle, you need to verify the email address you used during registration. Go to your Sporcle Settings to finish the process.

Report this User

Report this user for behavior that violates our Community Guidelines.

Details: